000 00497nam a22001217a 4500
008 110608t xxu||||| |||| 00| 0 eng d
010 _aSCCAF-13
245 _aSupreme Court Civil No. 63 of 1995 Aziz Kalungi Kasujja Vs Nauni Tabakanya Nakakande
260 _c1995
500 _aCORAM: Karokora, J,S.C., Mulenga, J.S.C. & Kanyeihamba, J.S.C.
500 _aAppeal from Judgment and decree of the High Court of Uganda Mr. Justice G.G. Okello in civil suit No. 625 of 1984 dated 19. 9 .94.
999 _c2535
_d2535